[Event "DEN-ch Seniors 65"]
[Site "Logumkloster"]
[Date "2020.02.15"]
[Round "7"]
[White "Norregaard, Claus"]
[Black "Pedersen, Borge"]
[Result "1/2-1/2"]
[WhiteElo "1941"]
[BlackElo "1980"]
[PlyCount "109"]
[EventDate "2020.02.09"]
[EventType "swiss"]
[EventRounds "7"]
[EventCountry "DEN"]
[SourceTitle "EXT 2021"]
[Source "ChessBase"]
[SourceDate "2020.10.23"]
[SourceVersion "1"]
[SourceVersionDate "2020.10.23"]
[SourceQuality "1"]

1. d4 Nf6 2. c4 e6 3. g3 d5 4. Bg2 c6 5. Nf3 Nbd7 6. 0-0 Bd6 7. Bf4 Bxf4 8. gxf4 Ne4 9. Nbd2 Ndf6 10. Ne5 Nd6 11. c5 Nf5 12. e3 Bd7 13. b4 a5 14. a3 axb4 15. axb4 Ke7 16. Rxa8 Qxa8 17. Qa1 Rb8 18. Qa5 Ne8 19. Ra1 Qxa5 20. Rxa5 f6 21. Nd3 Nc7 22. Bf1 Ra8 23. Nb3 Rxa5 24. Nxa5 Bc8 25. Nb2 Kd8 26. Na4 Ne7 27. Nb6 Nb5 28. Na4 Kc7 29. Nb3 Ng6 30. Bxb5 cxb5 31. Nc3 Bd7 32. Nd2 b6 33. Ndb1 bxc5 34. dxc5 e5 35. Nxd5+ Kc6 36. Nbc3 Be6 37. e4 exf4 38. Nxb5 Kxb5 39. Nc7+ Kxb4 40. Nxe6 Ne5 41. Nxf4 Kxc5 42. Ne6+ Kc4 43. Nxg7 Kd4 44. Nh5 Nd7 45. f3 Ke5 46. Kf2 f5 47. Ke3 fxe4 48. fxe4 Nb6 49. Kd3 Nd7 50. Ng3 Nf6 51. h3 h5 52. Ke3 h4 53. Nf5 Nxe4 54. Nxh4 Ng5 55. Ng6+ 1/2-1/2

[Event "Aalborg Larsen Memorial"]
[Site "Aalborg"]
[Date "2018.10.17"]
[Round "5"]
[White "Norregaard, Claus"]
[Black "Hansen, John Nyholm"]
[Result "0-1"]
[WhiteElo "1944"]
[BlackElo "2065"]
[PlyCount "102"]
[EventDate "2018.10.13"]
[EventType "swiss"]
[EventRounds "7"]
[EventCountry "DEN"]
[SourceTitle "CBM 186 Extra"]
[Source "ChessBase"]
[SourceDate "2018.08.24"]
[SourceVersion "1"]
[SourceVersionDate "2018.08.24"]
[SourceQuality "1"]

1. d4 Nf6 2. c4 e6 3. g3 d5 4. Bg2 Be7 5. Nf3 0-0 6. 0-0 dxc4 7. Nc3 Nbd7 8. e4 c5 9. Qe2 a6 10. Qxc4 b5 11. Qe2 Bb7 12. e5 Nd5 13. Nxd5 Bxd5 14. dxc5 Bc4 15. Qc2 Bxf1 16. Kxf1 Nxc5 17. Bg5 Rc8 18. Rd1 Qe8 19. h4 h6 20. Be3 Na4 21. Qe2 Qc6 22. Nd4 Qc4 23. Qxc4 bxc4 24. Nc6 Rc7 25. b3 cxb3 26. axb3 Nc3 27. Rc1 Nd5 28. Bxd5 exd5 29. Nxe7+ Rxe7 30. Bc5 Rc8 31. b4 Rxe5 32. Ra1 Rc6 33. Ra2 Re4 34. Ra5 f6 35. Ra3 Kf7 36. Ra5 Ke6 37. Kg2 h5 38. Ra2 Kf5 39. f3 Rc4 40. Ra5 Rc2+ 41. Kh3 Rc3 42. Kg2 Rc2+ 43. Kh3 g5 44. g4+ hxg4+ 45. fxg4+ Kf4 46. Ra3 gxh4 47. Be3+ Ke4 48. Bc5 d4 49. Kxh4 d3 50. Kg3 R2xc5 51. bxc5 d2 0-1

[Event "Hastings Masters op 81st"]
[Site "Hastings"]
[Date "2006.01.04"]
[Round "8"]
[White "Grover, Sahaj"]
[Black "Norregaard, Claus"]
[Result "1/2-1/2"]
[WhiteElo "1997"]
[BlackElo "2205"]
[PlyCount "60"]
[EventDate "2005.12.28"]
[EventType "swiss"]
[EventRounds "10"]
[EventCountry "ENG"]
[SourceTitle "CBM 110 Extra"]
[Source "ChessBase"]
[SourceDate "2006.03.10"]
[SourceVersion "2"]
[SourceVersionDate "2006.03.10"]
[SourceQuality "1"]

1. e4 e6 2. d4 d5 3. Nc3 Nf6 4. Bg5 Be7 5. e5 Nfd7 6. Bxe7 Qxe7 7. f4 0-0 8. Nf3 c5 9. Qd2 Nc6 10. dxc5 Qxc5 11. Bd3 f6 12. exf6 Rxf6 13. 0-0-0 b5 14. Bxb5 Rb8 15. Bxc6 Qxc6 16. Nd4 Qb6 17. Nb3 Qc7 18. g3 Nb6 19. Qd4 Nc4 20. Rde1 a5 21. Nd1 Rb4 22. Qc5 Qb8 23. Nd4 Rxb2 24. Nxb2 Qxb2+ 25. Kd1 Ba6 26. Qa7 Qc3 27. Nb3 Nb2+ 28. Kc1 Nd3+ 29. Kd1 Nb2+ 30. Kc1 Nd3+ 1/2-1/2

[Event "Hastings Masters op 81st"]
[Site "Hastings"]
[Date "2006.01.02"]
[Round "6"]
[White "Webster, Richard J"]
[Black "Norregaard, Claus"]
[Result "1/2-1/2"]
[WhiteElo "1968"]
[BlackElo "2205"]
[PlyCount "90"]
[EventDate "2005.12.28"]
[EventType "swiss"]
[EventRounds "10"]
[EventCountry "ENG"]
[SourceTitle "CBM 110 Extra"]
[Source "ChessBase"]
[SourceDate "2006.03.10"]
[SourceVersion "2"]
[SourceVersionDate "2006.03.10"]
[SourceQuality "1"]

1. c4 e5 2. g3 Nc6 3. Bg2 d6 4. Nc3 g6 5. e4 Bg7 6. Nge2 Nge7 7. d3 Be6 8. Nd5 0-0 9. 0-0 Nd4 10. Nxd4 exd4 11. Bg5 f6 12. Bd2 c6 13. Nxe7+ Qxe7 14. Qc1 Rac8 15. b4 f5 16. c5 b6 17. Bg5 Bf6 18. Bxf6 Rxf6 19. cxb6 axb6 20. exf5 Rxf5 21. Bh3 Re5 22. Bxe6+ Qxe6 23. Qb2 c5 24. bxc5 dxc5 25. Rab1 Rc6 26. a4 Re2 27. Qb5 c4 28. Rbc1 c3 29. a5 bxa5 30. Qxa5 Qf6 31. Qd5+ Kg7 32. Qd7+ Re7 33. Qg4 h5 34. Qd1 Rb6 35. Re1 Rb2 36. Rxe7+ Qxe7 37. Qa4 Qf6 38. Qd7+ Kh6 39. f4 Qg7 40. Qd8 Kh7 41. f5 gxf5 42. Qe8 Kh6 43. Qe6+ Qg6 44. Qe5 Qc6 45. Qh8+ Kg6 1/2-1/2

[Event "Hastings Masters op 81st"]
[Site "Hastings"]
[Date "2005.12.29"]
[Round "2"]
[White "Reuben, Stewart"]
[Black "Norregaard, Claus"]
[Result "1-0"]
[WhiteElo "2142"]
[BlackElo "2205"]
[PlyCount "79"]
[EventDate "2005.12.28"]
[EventType "swiss"]
[EventRounds "10"]
[EventCountry "ENG"]
[SourceTitle "CBM 110 Extra"]
[Source "ChessBase"]
[SourceDate "2006.03.10"]
[SourceVersion "2"]
[SourceVersionDate "2006.03.10"]
[SourceQuality "1"]

1. c4 e5 2. g3 Nc6 3. Bg2 f5 4. Nc3 Nf6 5. d3 g6 6. e3 Bg7 7. Nge2 0-0 8. 0-0 d6 9. a3 a5 10. Rb1 Be6 11. Nd5 Rb8 12. Nec3 Ne7 13. b4 axb4 14. Nxf6+ Bxf6 15. Rxb4 c6 16. Bd2 d5 17. cxd5 cxd5 18. Qb3 Qd7 19. Rb6 Nc6 20. Bxd5 Bxd5 21. Nxd5 Kg7 22. Nxf6 Rxf6 23. Rb1 Rf7 24. Qb5 Ra8 25. Rxb7 Qxb7 26. Qxb7 Rxb7 27. Rxb7+ Kg8 28. Rc7 Nd8 29. Bb4 Nf7 30. d4 e4 31. h4 Rb8 32. f3 exf3 33. Kf2 Nh6 34. d5 Ng4+ 35. Kxf3 Re8 36. Bc5 Rb8 37. d6 Rb2 38. e4 Ne5+ 39. Kf4 Nd3+ 40. Kg5 1-0

[Event "DEN-ch corr"]
[Site "Denmark"]
[Date "1979.??.??"]
[Round "?"]
[White "Ingerslev, Aage"]
[Black "Norregaard, Claus"]
[Result "1-0"]
[WhiteElo "2293"]
[BlackElo "2073"]
[PlyCount "59"]
[EventDate "1979.??.??"]
[EventType "tourn (corr)"]
[EventRounds "17"]
[EventCountry "DEN"]
[SourceTitle "Corr 2000"]
[Source "ChessBase"]
[SourceDate "2000.04.19"]
[SourceVersion "1"]
[SourceVersionDate "2000.04.19"]
[SourceQuality "1"]

1. e4 e5 2. Nf3 Nc6 3. Bb5 a6 4. Ba4 d6 5. c3 f5 6. exf5 Bxf5 7. d4 e4 8. Ng5 d5 9. f3 h6 10. fxe4 hxg5 11. exf5 Bd6 12. Qf3 g4 13. Qxg4 Nf6 14. Qe2+ Ne4 15. Nd2 Qf6 16. Nxe4 dxe4 17. Bxc6+ bxc6 18. Be3 Qxf5 19. 0-0-0 0-0 20. Kb1 a5 21. h4 Rab8 22. h5 Ba3 23. Bc1 e3+ 24. Ka1 Qe4 25. Rde1 c5 26. h6 Rfe8 27. Qc4+ Re6 28. Rh4 Qxh4 29. Qxe6+ Kh7 30. Rxe3 1-0

[Event "DEN-ch corr"]
[Site "Denmark"]
[Date "1979.??.??"]
[Round "?"]
[White "Johansen, Mogens Ravn"]
[Black "Norregaard, Claus"]
[Result "0-1"]
[WhiteElo "2015"]
[BlackElo "2073"]
[PlyCount "34"]
[EventDate "1979.??.??"]
[EventType "tourn (corr)"]
[EventRounds "17"]
[EventCountry "DEN"]
[SourceTitle "Corr 2000"]
[Source "ChessBase"]
[SourceDate "2000.04.19"]
[SourceVersion "1"]
[SourceVersionDate "2000.04.19"]
[SourceQuality "1"]

1. e4 e5 2. Bc4 Nf6 3. d3 Nc6 4. Nc3 Bb4 5. Nf3 d6 6. 0-0 h6 7. Bb3 Bg4 8. Ne2 Bxf3 9. gxf3 d5 10. Ng3 Qd7 11. c3 Ba5 12. Ba4 0-0-0 13. Be3 Bb6 14. Bxb6 axb6 15. Qe2 h5 16. Bxc6 bxc6 17. h4 Qh3 0-1

[Event "DEN-ch corr"]
[Site "Denmark"]
[Date "1979.??.??"]
[Round "?"]
[White "Lund, Jens Christian"]
[Black "Norregaard, Claus"]
[Result "1-0"]
[WhiteElo "2275"]
[BlackElo "2073"]
[PlyCount "81"]
[EventDate "1979.??.??"]
[EventType "tourn (corr)"]
[EventRounds "17"]
[EventCountry "DEN"]
[SourceTitle "Corr 2000"]
[Source "ChessBase"]
[SourceDate "2000.04.19"]
[SourceVersion "1"]
[SourceVersionDate "2000.04.19"]
[SourceQuality "1"]

1. d4 Nf6 2. c4 d6 3. Nc3 e5 4. d5 Be7 5. e4 0-0 6. Be2 Ne8 7. g4 Bg5 8. Bxg5 Qxg5 9. h4 Qe7 10. Qd2 Na6 11. 0-0-0 c6 12. Kb1 Nac7 13. f4 cxd5 14. cxd5 b5 15. f5 b4 16. Nb5 a5 17. Rf1 f6 18. g5 Bd7 19. Nxc7 Nxc7 20. Nf3 Nb5 21. Rfg1 b3 22. h5 Nd4 23. h6 bxa2+ 24. Kxa2 Nxf3 25. Bxf3 g6 26. Bh5 Be8 27. gxf6 Rxf6 28. Rh3 Qd7 29. Qg5 Rf8 30. Ra3 Qb5 31. Rc1 Rb8 32. Rc2 Rxf5 33. exf5 Qxd5+ 34. Kb1 Qh1+ 35. Rc1 Qxh5 36. Qxh5 gxh5 37. Rc7 Bb5 38. Rg3+ Kh8 39. f6 h4 40. Rgc3 Kg8 41. Kc2 1-0

[Event "DEN-ch corr"]
[Site "Denmark"]
[Date "1979.??.??"]
[Round "?"]
[White "Norregaard, Claus"]
[Black "Gallmeyer, Peter"]
[Result "1/2-1/2"]
[WhiteElo "2073"]
[BlackElo "2259"]
[PlyCount "52"]
[EventDate "1979.??.??"]
[EventType "tourn (corr)"]
[EventRounds "17"]
[EventCountry "DEN"]
[SourceTitle "Corr 2000"]
[Source "ChessBase"]
[SourceDate "2000.04.19"]
[SourceVersion "1"]
[SourceVersionDate "2000.04.19"]
[SourceQuality "1"]

1. e4 e5 2. Nf3 d6 3. d4 exd4 4. Qxd4 Ne7 5. Bg5 Nbc6 6. Qd2 f6 7. Bf4 d5 8. Bxc7 Qxc7 9. exd5 Ne5 10. Bb5+ Kf7 11. d6 Qc5 12. d7 Bxd7 13. Bxd7 Nxf3+ 14. gxf3 Qe5+ 15. Qe3 Ng6 16. Nd2 Bc5 17. Qxe5 Nxe5 18. Bb5 Rhd8 19. Rd1 f5 20. Be2 Ng6 21. 0-0 Nf4 22. Bc4+ Kf6 23. Nb3 Bb6 24. Nc1 Nh3+ 25. Kg2 Nf4+ 26. Kg1 Nh3+ 1/2-1/2